000 00323nam a2200145Ia 4500
005 20251222144901.0
008 251222s9999||||xx |||||||||||||| ||spa||
020 _a9788408083351
082 _a918.04/A81
100 _aAsensi, Matilde
245 0 _aTierra Firme
250 _a1ra.ed.
264 _bPlaneta
942 _cLIB
999 _c21976
_d21976